Desarrollo y aplicación de protocolos de seguridad y manejo de residuos para el Laboratorio de Ingeniería Química

Na minha lista:
Detalhes bibliográficos
Autor principal: Serrano Pacheco, Alberto, 1976- Director del TFG
Formato: Livro
Publicado em: San José, Costa Rica 2014
Assuntos:
Tags: Adicionar Tag
Sem tags, seja o primeiro a adicionar uma tag!

MARC

LEADER 00000nam a22000007a 4500
003 012089
005 20230207135905.0
008 150217b2014 cr a|||| |||| 00| 0 s d
040 |c cru CEDI  
090 |a TFG 7255 
100 |a Serrano Pacheco, Alberto, 1976-  |d Director del TFG   |9 58 
245 |a Desarrollo y aplicación de protocolos de seguridad y manejo de residuos para el Laboratorio de Ingeniería Química  
260 |a  San José, Costa Rica  |c 2014 
500 |a Proyecto de graduación (licenciatura en ingeniería química)--Universidad de Costa Rica. Facultad de Ingeniería. Escuela de Ingeniería Química 
650 |x MANEJO DE RESIDUOS   |9 59 
942 |c TFG 
999 |c 13522  |d 13522